Author Word Match-up Quiz Stats

 Plays Quiz Updated Nov 5, 2015

Challenge
Share
Tweet
Score 0/30 Timer 06:00
2 Plays Today
% Correct
Fitzgerald
94.3%
Austen
93%
Lee
92.8%
Dickens
92.8%
Brontë
91.3%
Dumas
88%
Dostoyevsky
87.6%
Dahl
86.4%
Verne
85.7%
Vonnegut
85.4%
Hugo
85.2%
Crichton
83.3%
Lewis
82.9%
Bradbury
82.1%
Defoe
77.5%
% Correct
Wilde
77.4%
Baum
77.2%
Rand
76.8%
Hemingway
76.5%
Martin
73.8%
Collins
72.8%
Stowe
70.1%
Faulkner
69.6%
Atwood
68%
Silverstein
67.8%
Burgess
67.5%
Woolf
67.1%
Flaubert
67%
Stevenson
62.3%
Kesey
60%

You're not logged in!

Compare scores with friends on all Sporcle quizzes.
OR
Log In

You Might Also Like...

Show Comments

Extras

Top Quizzes Today


Score Distribution

Your Account Isn't Verified!

In order to create a playlist on Sporcle, you need to verify the email address you used during registration. Go to your Sporcle Settings to finish the process.

Report this User

Report this user for behavior that violates our Community Guidelines.

Details: